Moyen-Âge - Statistiques

Statistiques générales
  • Ce quiz a été pris 109 fois
  • Le résultat moyen est 8 sur 18
Statistiques - réponses
Question Réponse % Correct
Sacre de Charlemagne 800
89%
Christophe Colomb découvre l'Amérique 1492
82%
Fin de la Guerre de Cent Ans 1453
62%
Prise de Constantinople par les Ottomans (fin de l'Empire byzantin) 1453
62%
Bataille d'Hastings, Guillaume le Conquérant conquiert l'Angleterre 1066
52%
Appel à la première croisade par le pape Urban II 1095
51%
Bataille de Poitiers, Charles Martel arrête l'expansion arabe 732
49%
Début de la Guerre de Cent Ans 1337
44%
Mort de Clovis 511
43%
Hégire, départ de Mahomet pour Médine 622
43%
Hugues Capet devient roi 987
42%
Traité de Verdun 843
35%
Debut de la Grande Peste noire 1347
33%
Baptême de Clovis 486
33%
Jeanne d'Arc délivre Orléans 1429
32%
Bataille de Bouvines 1214
30%
Naissance de Mahomet 570
19%
Gutenberg invente l'imprimerie 1454
18%
Aucun quiz correspondant
Distribution des résultats
% des personnes avec chaque résultat
Percentile par nombre de réponses
Votre historique - résultats
Vous n’avez pas pris ce quiz